Most Popular British Attractions Quiz Stats

Quiz not verified by Sporcle

Challenge
Share
Tweet
Embed
Score 0/20 Timer 10:00
0 Plays Today
Rank Attraction % Correct
7The Tower of London
81.6%
1The British Museum
66%
10Westminster Abbey
54.4%
4Tate Modern
51.5%
6The Victoria and Albert Museum
51.5%
9St Paul's Cathedral
49.5%
5The Science Museum
47.6%
3The Natural History Museum
44.7%
2The National Gallery
43.7%
16Edinburgh Castle
40.8%
Rank Attraction % Correct
18Tate Britain
30.1%
11The National Portrait Gallery
27.2%
20ZSL London Zoo
24.3%
19Kew Gardens
20.4%
14The British Library
15.5%
17Chester Zoo
9.7%
15The National Maritime Museum
8.7%
8Somerset House
5.8%
13The National Museum of Scotland
4.9%
12The Old Royal Naval College
2.9%

You're not logged in!

Compare scores with friends on all Sporcle quizzes.
Join for Free
OR
Log In

You Might Also Like...

Show Comments

Extras

Top Quizzes Today


Score Distribution

Your Account Isn't Verified!

In order to create a playlist on Sporcle, you need to verify the email address you used during registration. Go to your Sporcle Settings to finish the process.

Report this User

Report this user for behavior that violates our Community Guidelines.

Details: